LEADER 01406nam a2200301 u 4500 001 000000015617 003 CaOOAMICUS 005 20070226105912.0 008 941010s1972 fr u000 u fre u 035 $a10364913 040 $aPUL(R)$bita 100 1 $aPiganiol, André,$d1883-1968.$0(OLS)http://pul/name/6765 245 12$aL'empire chrétien :$b(325-395) /$cpar André Piganiol. 260 $aParis :$bPresses Universitaires de France,$c1972. 300 $aviii, 501 p. ;$c24 cm 490 1 $aCollection "Hier" (Presses universitaires de France) ; 500 $aIncludes index. 504 $a"Sources et bibliographie générale": p. 467-479. 650 4$aChristianity$yPrimitive and early church.$0(OLS)http://pul/subject/10964 651 0$aRome$xHistory$yConstantine I, the Great, 306-337.$2//eng$0(OLS)http://pul/subject/9195 651 0$aRome$xHistory$yEmpire, 30 B.C.-476 A.D.$2//eng$0(OLS)http://pul/subject/3824 830 0$aCollection "Hier" (Presses universitaires de France) ;.$0(OLS)http://pul/title/22386 850 $aPUL 852 $aPUL$W1$xSL Filosofia 1$y2$m106 F 70$j21947$nBK-PRI$b $qStampati$B21947$CPULBib$Z2$F21947 $H $81 941 1 $a8 961 $aINV: 55550 996 $6245$aL'empire chrétien :$b(325-395)$9(OLS)http://pul/title/22385 996 $6260$aParis :$bPresses Universitaires de France$9(OLS)http://pul/publisher/47940 LEADER 01058nam a2200265 u 4500 001 000000114091 003 CaOOAMICUS 005 20081210150312.0 008 081210s2008 it u000 u ita r 020 $z978-88-503-2729-4* 040 $aPUL$bita$dLDB 100 1 $aCattorini, Paolo,$d1956-$0(OLS)http://pul/name/38077 245 10$aBioetica clinica e consulenza filosofica /$cPaolo Cattorini. 260 $aMilano :$bApogeo,$cc2008. 300 $a184 p. ;$c21 cm. 490 1 $aPratiche filosofiche 504 $aBibliografia in nota. 650 4$aBioetica.$0(OLS)http://pul/subject/2868 830 0$aPratiche filosofiche.$0(OLS)http://pul/title/143370 850 $aPUL 852 $aPUL$W1$xSL Filosofia 3$y81$m174. 2 CATPA 1$j130366$qDDC 21$B129437$CPULBib$Z2$F129437 $H108971 $82 941 1 $a9 996 $6020$z978-88-503-2729-4*$9(OLS)http://pul/number/139296 996 $6245$aBioetica clinica e consulenza filosofica$9(OLS)http://pul/title/143369 996 $6260$aMilano :$bApogeo$9(OLS)http://pul/publisher/80101